| 000 | 00450nam a2200181Ia 4500 | ||
|---|---|---|---|
| 008 | 240925s9999 xx 000 0 und d | ||
| 020 | _a9789388038294 | ||
| 082 | _a801.95 MCC | ||
| 100 | _aMccaw, Neil | ||
| 245 | 0 | _aHow to Read Texts | |
| 250 | _a2nd | ||
| 260 |
_aLondon: _bBlooms Bury _c,2008. |
||
| 300 |
_a582p. _bNA _fOriginal |
||
| 500 | _aIncludes Index | ||
| 600 | _aHumanities & Natural Science | ||
| 650 | _aLiterature | ||
| 942 | _cBK | ||
| 999 |
_c16228 _d16228 |
||